La sensación de ser alguien / Maurice E. Wagner ; David A. Cook, Traductor (Registro nro. 32147)
[ vista simple ]
| 000 -LÍDER | |
|---|---|
| Campo fijo de descripción fija | 006730000a22002050004500 |
| 041 0# - CÓDIGO DE IDIOMA | |
| Código de idioma para texto/pista de sonido o título separado | |
| 082 04 - NÚMERO DE CLASIFICACIÓN DECIMAL DEWEY | |
| Número de clasificación | G 158.1 W1321s |
| 001 - NÚMERO DE CONTROL | |
| Campo de control | 665 |
| 100 1# - ASIENTO PRINCIPAL--NOMBRE PERSONAL | |
| Nombre personal | Wagner, Maurice E. |
| 245 10 - TÍTULO | |
| Título del Material | La sensación de ser alguien / Maurice E. Wagner ; David A. Cook, Traductor |
| 260 ## - PUBLICACIÓN, DISTRIBUCIÓN, ETC. (PIE DE IMPRENTA) | |
| Lugar de publicación, distribución, etc. | Miami, FL., USA : Caribe |
| 300 ## - DESCRIPCIÓN FÍSICA | |
| Extensión | 299 Pag. |
| 336 ## - CONTENT TYPE | |
| Content type term | texto |
| Content type code | txt |
| Source | rdacontent |
| 337 ## - MEDIA TYPE | |
| Source | rdamedia |
| Media type term | sin mediación |
| Media type code | n |
| 338 ## - CARRIER TYPE | |
| Source | rdacarrier |
| Carrier type term | volumen |
| Carrier type code | nc |
| 500 ## - NOTA GENERAL | |
| Nota General | Título original : The sensation of being somebody |
| 505 00 - NOTA DE CONTENIDO | |
| Nota de contenido con formato preestablecido | lo que somos -- como llegamos a ser lo que somos -- lo que podemos llegar a ser |
| 650 14 - ASIENTO SECUNDARIO DE MATERIA - TERMINO TEMÁTICO | |
| Término temático o nombre geográfico como elemento de entrada | AUTOPERCEPCION \ PSICOLOGIA PASTORAL |
| 942 ## - TIPO DE MATERIAL (KOHA) | |
| Tipo de Item KOHA | Libros General |
| Estado de Material | Estado de Perdido | Estado de Dañado | No para Préstamo | Colección | Tomo | Biblioteca de Origen | Biblioteca Permanente | Fecha de Adquisición | Total de Préstamos | Signatura Topográfica | Código de Barras | Última vez visto | Ejemplar/Existencia | Fecha de Remplazo | Tipo de Material | Última vez Préstado |
|---|---|---|---|---|---|---|---|---|---|---|---|---|---|---|---|---|
| Colección General | Biblioteca FUSBC | Biblioteca FUSBC | 19/07/2011 | G 158.1 W1321s | 1600 | 12/12/2019 | 2 | 26/01/2016 | Libros General | |||||||
| Colección General | Biblioteca FUSBC | Biblioteca FUSBC | 19/07/2011 | 2 | G 158.1 W1321s | 4168 | 31/08/2024 | 3 | 26/01/2016 | Libros General | 14/08/2024 | |||||
| Colección General | Biblioteca FUSBC | Biblioteca FUSBC | 05/06/2007 | G 158.1 W1321s | 378 | 30/07/2024 | 1 | 26/01/2016 | Libros General |
